Y-2 ÇOCUKLAR İÇİN NUTUK (Record no. 588683)

MARC details
000 -LEADER
sabit uzunluktaki kontrol alanı 00289nam a2200109Ia 4500
001 - KONTROL NUMARASI
kontrol alanı 588683
005 - EN SON İŞLEMİN TARİH VE ZAMANI
kontrol alanı 20250717120836.0
008 - SABİT-UZUNLUKTA VERİ ÖĞELERİ--GENEL BİLGİ
sabit uzunluktaki kontrol alanı 250717s9999 xx 000 0 und d
245 #0 - ESER / YAZAR
ESER ADI Y-2 ÇOCUKLAR İÇİN NUTUK
Yazar Adı MUSTAFA KEMAL ATATÜRK
260 ## - YAYIN, DAĞITIM, VB.
YAYIN EVİ YEDİVEREN YAYINLARI
Yayın, dağıtım tarihi, vb. 2019
300 ## - FİZİKSEL AÇIKLAMA
Diğer fiziksel ayrıntılar 325

No items available.